000 00486nam a22001937a 4500
005 20220523102845.0
008 220523b ||||| |||| 00| 0 eng d
040 _cAL
041 _aEnglish
082 _223
_a821.009
_bDASC
100 _aRatan Das
_938453
245 _aCry Within
260 _aGunupur
_bShanti Devi
_c1989
300 _a76 p.
_bHB
_c22x15 cm.
365 _c
_d₹20.00
650 _aPoetic Collection
_938454
700 _aDAS (Ratan)
_938455
942 _2ddc
_cGF
999 _c223062
_d223062